| 000 | 00586nam a2200181Ia 4500 | ||
|---|---|---|---|
| 005 | 20250508153736.0 | ||
| 008 | 008 250505s9999 xx 000 0 eng d | ||
| 037 | _aBooks to be hide in OPAC | ||
| 040 |
_aFEDL _beng _cFEDL |
||
| 041 |
_aeng _2eng |
||
| 084 |
_a743, AUG/O _qFEDL |
||
| 100 | _aAugsburg D R | ||
| 245 | 0 | _aNew Augsburg's drawing sith year book: A text book to be placed in the hands of the pupils of the sixth grade | |
| 260 |
_aBoston, USA _bEducational Publishing Company |
||
| 300 | _a120p. | ||
| 942 |
_cHB _h743, AUG/O |
||
| 999 |
_c1345137 _d1345137 |
||